00697nam a22002177a 450000500170000000800410001702000180005804100080007604400070008408200160009110000210010724500880012826000550021630000220027149000560029350400290034965000310037865000330040965000120044265000250045420200104041617.0101222s2010 mx gr 00 0dspa d z97860716016670 aspa amx04a501 bM321c1 aMarcos, Alfredo.10aCiencia y acción : buna filosofía práctica de la ciencia / cAlfredo Marcos. aMéxico : bFondo de Cultura Económica, c2010. a399 p. ; c18 cm.1 aBreviarios del Fondo de Cultura Económica ; v567 aIncluye bibliografía. aFilosofía de la ciencia. aComunicación científica. aCiencia 4aPolítica ambiental